Szczegóły MARC21

Strukturalizm /

003 -Nazwa inst., której nr kontr. jest w polu 001 [,]
    • @
    • Nazwa instytucji, której n kontrolny jest w polu 001
    • NUKAT
005 -DATA I CZAS OSTATNIEJ MODYFIKACJI [,]
    • @
    • pole kontrolne
    • 20241231093748.0
040 -Instytucja sporządzająca opis [ , ]
    • a
    • Instytucja, która sporządziła opis (NP)
    • GD U/as
    • c
    • Instytucja, która sporządziła rekord (NP)
    • GD U/as
    • d
    • Instytucja, która zmodyfikowała rekord (P)
    • GD U/as
    • d
    • Instytucja, która zmodyfikowała rekord (P)
    • GD U/as
    • d
    • Instytucja, która zmodyfikowała rekord (P)
    • GD U/AP
    • d
    • Instytucja, która zmodyfikowała rekord (P)
    • GD 015/EOs
041 -Język dokumentu [1, ]
    • a
    • Język tekstu (P)
    • polski
    • h
    • Język tekstu oryginalnego i/lub pośredniego (P)
    • francuski
942 -Rodzaj dokumentu [ , ]
    • c
    • Rodzaj dokumentu
    • Książka
100 -Hasło główne - nazwa osobowa [1, ]
    • a
    • Nazwa osobowa (NP)
    • Piaget, Jean
    • d
    • Daty biograficzne (NP)
    • (1896-1980).
    • 9
    • KHW
    • 7424
240 -Tytuł ujednolicony [1,0]
    • a
    • Tytuł ujednolicony
    • Structuralisme
    • l
    • Język tekstu
    • (pol.)
    • 9
    • KHW
    • 581920
245 -Strefa tytułu i oznaczenia odpowiedzialności [1,0]
    • a
    • Tytuł
    • Strukturalizm / Find
    • c
    • Pozostałe elementy strefy tytułu i oznaczenia odpowiedzialności (NP)
    • Jean Piaget ; [tł. Stanisław Cichowicz].
260 -Strefa adresu wydawniczego [ , ]
    • a
    • Miejsce wydania (P)
    • Warszawa :
    • b
    • Nazwa wydawcy (P)
    • Wiedza Powszechna,
    • c
    • Data wydania (P)
    • 1972.
300 -Strefa opisu fizycznego [ , ]
    • a
    • Określenie formy książki i/lub objętość (NP)
    • 174, [2] s. ;
    • c
    • Format (NP)
    • 18 cm.
336 -Typ zawartości [ , ]
    • a
    • Termin opisujący typ zawartości
    • Tekst
    • b
    • Kod określający zawartość
    • txt
    • 2
    • Źródło (terminu i kodu)
    • rdacontent
337 -Typ mediów [ , ]
    • a
    • Tryb odtwarzania
    • Bez urządzenia pośredniczącego
    • b
    • Kod typu mediów
    • n
    • 2
    • Źródło (terminu i kodu)
    • rdamedia
338 -Typ/rodzaj nośnika [ , ]
    • a
    • Hasło opisujące typ nośnika
    • Wolumin
    • b
    • Kod typu nośnika
    • nc
    • 2
    • Źródło (terminu i kodu)
    • rdacarrier
490 -Strefa serii i książki wielotomowej - forma nie do wyszukiwania [1, ]
    • a
    • Tytuł (P)
    • Omega : biblioteka wiedzy współczesnej ; Find
    • v
    • Numeracja (P)
    • 224
830 -Hasło dodatkowe serii i opisu książki wielotomowej - tytuł ujednolicony/tytuł [ ,0]
    • a
    • Tytuł ujednolicony/tytuł (NP)
    • Omega
    • x
    • ISSN
    • 0208-9653
    • v
    • Oznaczenie tomu (NP)
    • 224
    • 9
    • KHW
    • 15781
504 -Uwaga dot. bibliogr. załącznikowej [ , ]
    • a
    • Uwaga dot. bibliografii załącznikowej
    • Bibliogr. s. [176].
080 -Uniwersalna Klasyfikacja Dziesiętna [ , ]
    • a
    • Symbol klasyfikacji
    • 141
    • 9
    • UKD
    • 2383
    • 2
    • Identyfikator wydania tablic
    • UDC-P058
    • b
    • Dopowiedzenie
    • Systemy filozoficzne.
080 -Uniwersalna Klasyfikacja Dziesiętna [ , ]
    • a
    • Symbol klasyfikacji
    • :167
650 -Hasło przedmiotowe [ ,7]
    • a
    • Hasło przedmiotowe
    • Strukturalizm.
    • 2
    • Źródło terminu
    • kaba
    • 9
    • KHW
    • 131394
980 -Symbol UKD [ , ]
    • a
    • UKD
    • 141:167
700 -Hasło dodatkowe - nazwa osobowa [1, ]
    • a
    • Nazwa osobowa (NP)
    • Cichowicz, Stanisław Find
    • d
    • Daty biograficzne (NP)
    • (1939-2000).
    • e
    • Określenie rodzaju współpracy
    • Tł.
    • 9
    • KHW
    • 23643
710 -Hasło dodatkowe - nazwa ciała zbiorowego [2, ]
    • a
    • Nazwa ciała zbiorowego lub nazwa geograficzna jako pierwszy element (NP)
    • Państwowe Wydawnictwo Wiedza Powszechna.
    • 4
    • Kod relacji
    • pbl
    • 9
    • KHW
    • 52062
Data inwentaryzacji Lokalizacja Status udost. Numer inwentarzowy Sygnatura
 BE1E.37330 
 BE-3S.7627 
 BE-6S.7628 
 BE-6S.7629 
 BE-6S.7630 
1996-02-12BG-3W.13188 
1996-02-12BG-3W.178152 
1996-02-12BG-6W.13190 
1996-02-12BG-3W.13189 
2004-05-20BG1Pd.16137 
 BG2W.13191 
2022-06-27BG-3WM.27569 
 BG2W.13187 
1996-02-12BG1Z.6132Z.6132
1996-02-12BNS1F.734